| 000 | 01162cam a2200349 i 4500 | ||
|---|---|---|---|
| 001 | 17780858 | ||
| 003 | OSt | ||
| 005 | 20150727103325.0 | ||
| 008 | 130617t20142009nyua b 001 0 eng | ||
| 010 | _a 2013022986 | ||
| 020 | _a9780415540506 (hardback) | ||
| 020 | _a9780415540513 (paperback) | ||
| 020 | _z9780203107256 (ebook) | ||
| 040 | _aSEKU | ||
| 042 | _apcc | ||
| 050 | 0 | 0 |
_aHV 7419 _b.S7 2014 |
| 100 | 1 | _aStohr, Mary K. | |
| 245 | 1 | 0 |
_aCriminal justice management : _btheory and practice in justice centered organizations _cMary K. Stohr and Peter A. Collins. |
| 250 | _aSecond edition. | ||
| 264 | 1 |
_aLondon ; _aNew York : _bRoutledge/Taylor & Francis Group, _c2014. |
|
| 264 | 4 | _c©2009 | |
| 300 |
_axvi, 381 pages : _billustrations ; _c24 cm |
||
| 336 |
_atext _2rdacontent |
||
| 337 |
_aunmediated _2rdamedia |
||
| 338 |
_avolume _2rdacarrier |
||
| 504 | _aIncludes bibliographical references and index. | ||
| 650 | 0 | _aCriminal justice, Administration of. | |
| 650 | 7 |
_aSOCIAL SCIENCE / General. _2bisacsh |
|
| 650 | 7 |
_aSOCIAL SCIENCE / Criminology. _2bisacsh |
|
| 700 | 1 |
_aCollins, P. A. _q(Peter A.), _eauthor. |
|
| 942 |
_2lcc _cGEN |
||
| 999 |
_c7176 _d7176 |
||